Statistiques concernant They Shoot Pictures, Don't They? - films 41 à 60

Cliquez ici pour prendre le quiz!

Statistiques générales

  • Ce quiz a été pris 70 fois
  • Le résultat moyen est 10 sur 20

Statistiques - réponses

Réponse% Correct
Les Temps Modernes
96%
M le maudit
80%
Barry Lyndon
75%
Blade Runner
73%
Lawrence d'Arabie
63%
Le Mépris
61%
Casablanca
59%
Le Mécano de la General
59%
La Mort aux trousses
55%
Le Troisième Homme
53%
Stalker
47%
La Grande Illusion
45%
La Garçonnière
35%
Beau travail
33%
La Bataille d'Alger
31%
La Soif du mal
29%
Close-Up
24%
Les Contes de la lune vague après la pluie
18%
La Complainte du sentier
12%
Printemps tardif
12%

Distribution des résultats

Percentile par nombre de réponses

% des personnes avec chaque résultat

Votre développement - résultats

Vous n’avez pas pris ce quiz